Logo BPK

Biblioteka

Politechniki Koszalińskiej

Deutsch. Konversationsübungen für polnische Studenten / (Rekord nr 27465)

Szczegóły MARC
000 -ETYKIETA REKORDU
podpole kontrolne o stałej długości 00421nam a2200157 i 4500
001 - NUMER KONTROLNY REKORDU
pole kontrolne bg
040 ## - ŹRÓDŁO KATALOGOWANIA
Instytucja, która utworzyła rekord BPK
041 ## - KOD JĘZYKA
Kod języka tekstu pol
080 ## - UNIWERSALNA KLASYFIKACJA DZIESIĘTNA - UKD
UKD 803.0
008 - POLE O STAŁEJ DŁUGOŚCI - DANE KONTROLNE
podpole kontrolne o stałej długości s pl f |000 0 pol
100 1# - NAZWA OSOBOWA
Nazwa osobowa GACA, Alicja
245 #0 - TYTUŁ/ODPOWIEDZIALNOŚĆ
Tytuł Deutsch. Konversationsübungen für polnische Studenten /
Pozostałe elementy strefy tytułu i oznaczenia odpowiedzialności Alicja Gaca.
260 ## - STREFA ADRESU WYDAWNICZEGO
Miejsce wydania Warszawa :
Nazwa wydawcy/dystrybutora Państw. Wydawn. Nauk.,
Data publikacji, dystrybucji/powstania dokumentu [1976].
300 ## - STREFA OPISU FIZYCZNEGO
Objętość s. 365, nlb. 1 :
Inne cechy fizyczne err.
856 ## - LOKALIZACJA I DOSTĘP DO ELEKTRONICZNYCH DOKUMENTÓW ZDALNYCH
Link (URL) http://koha.tu.koszalin.pl/cgi-bin/koha/opac-detail.pl?biblionumber=27465
Tekst linku Katalog online BPK
942 ## - DODATKOWE ELEMENTY (KOHA)
Typ dokumentu Książka
Egzemplarze
Wycofany Status egzemplarza Uszkodzony Dostępność Lokalizacja stała Lokalizacja bieżąca Miejsce przechowywania Sygnatura Kod kreskowy Typ dokumentu Numer ubytku
      Dostępny Biblioteka Politechniki Koszalińskiej Biblioteka Politechniki Koszalińskiej Wypożyczalnia BG 21211 01695434 Książka  
  Egz. niedostępny   Niedostępny Biblioteka Politechniki Koszalińskiej Biblioteka Politechniki Koszalińskiej   21212 01695441 Książka 12020
© 2023 Biblioteka Politechniki Koszalińskiej :: KOHA